Manažment ako základný kameň úspechu Prípadová štúdia manažmentu firmy IBM. 1

Prípadová štúdia hlavných článkov manažmentu IBM v kombinácii špecializačného a funkčného prístupu. Strategický manažment firmy. Strategický produkt IBM pre 90. roky - systémy CIM, presnejšie softwarový produkt CIMAPPS, jeho aplikácia v ZPS, a.s. Zlín. Personálny manažment. Organizačná štruktúra, ku...

ver descrição completa

Na minha lista:
Detalhes bibliográficos
Autor principal: Jemala, Ľubomír
Formato: Capítulo de Livro
Idioma:eslovaco
Assuntos:
Tags: Adicionar Tag
Sem tags, seja o primeiro a adicionar uma tag!

MARC

LEADER 00000naa a2200000 4500
001 r016021
005 20221213114555.1
041 0 |a slo 
044 |a SK 
245 1 0 |a Manažment ako základný kameň úspechu  |b Prípadová štúdia manažmentu firmy IBM. 1  |c Ľ. Jemala 
520 |a Prípadová štúdia hlavných článkov manažmentu IBM v kombinácii špecializačného a funkčného prístupu. Strategický manažment firmy. Strategický produkt IBM pre 90. roky - systémy CIM, presnejšie softwarový produkt CIMAPPS, jeho aplikácia v ZPS, a.s. Zlín. Personálny manažment. Organizačná štruktúra, kultúra firmy. 
610 2 0 |a manažment 
610 2 0 |a IBM 
610 2 0 |a štúdie prípadové 
610 2 0 |a manažment strategický 
610 2 0 |a CIM 
610 2 0 |a CIMAPPS 
610 2 0 |a ZPS, a.s. Zlín 
610 2 0 |a manažment personálny 
610 2 0 |a kultúra 
610 2 0 |a štruktúra organizačná 
100 1 |a Jemala, Ľubomír